000
00273nam a2200109Ia 4500
008
220204s9999 xx 000 0 und d
082
_a
82-3MAU
_b
MAU
100
_a
Maugham, W Somerset
245
0
_a
Sixty five short stories
260
_a
London
_b
Heinemann
_c
1976
942
_c
BK
999
_c
27294
_d
27294